书目信息 |
| 题名: |
全国公共英语等级考试教程
|
|
| 作者: | 王墨希 主编 | |
| 分册: | 第五级 | |
| 出版信息: | 北京 高等教育出版社 2000 |
|
| 页数: | 467页 | |
| 开本: | 23cm | |
| 丛书名: | ||
| 单 册: | ||
| 中图分类: | H310.42 | |
| 科图分类: | ||
| 主题词: | 英语--水平考试--教材 | |
| 电子资源: | ||
| ISBN: | 7-04-007676-4 | |
| 000 | 00696nam 2200217 450 | |
| 001 | CAL 012002108333 | |
| 005 | 20070620171155.67 | |
| 010 | @a7-04-007676-4@dCNY58.00 | |
| 100 | @a20000714d2000 em y0chiy0121 ea | |
| 101 | 0 | @achi@aeng |
| 102 | @aCN@b110000 | |
| 105 | @ay zq 000yy | |
| 200 | 1 | @a全国公共英语等级考试教程@Aquan guo gong gong ying yu deng ji kao shi jiao cheng@i第五级@f王墨希主编 |
| 210 | @a北京@c高等教育出版社@d2000 | |
| 215 | @a467页@d23cm@e录音磁带3盒 | |
| 300 | @a全国高等教育自学考试指导委员会组编 | |
| 606 | 0 | @a英语@x水平考试@j教材 |
| 690 | @aH310.42@v4 | |
| 701 | 0 | @a王墨希@AWang Moxi@c(英语)@4主编 |
| 801 | 0 | @aCN@bPFT@c20070620 |
| 905 | @a10447@dH310.42@e1094:5 | |
| 全国公共英语等级考试教程.第五级/王墨希主编.-北京:高等教育出版社,2000 |
| 467页;23cm+录音磁带3盒 |
| 全国高等教育自学考试指导委员会组编 |
| ISBN 7-04-007676-4:CNY58.00 |
| ● |
| 相关链接 |
|
|
|
|
正题名:全国公共英语等级考试教程
索取号:H310.42/1094:5
 
预约/预借
| 序号 | 登录号 | 条形码 | 馆藏地/架位号 | 状态 | 备注 |
| 1 | 0661609 | 206616090 | 第二样本阅览室/ [索取号:H310.42/1094:5] | 在馆 | |
| 2 | 0661610 | 206616107 | 密集书库/ [索取号:H310.42/1094:5] | 在馆 | |
| 3 | 0661611 | 206616116 | 密集书库/ [索取号:H310.42/1094:5] | 在馆 | |
| 4 | 0661612 | 206616125 | 密集书库/ [索取号:H310.42/1094:5] | 在馆 | |
| 5 | 0661613 | 206616134 | 密集书库/ [索取号:H310.42/1094:5] | 在馆 |